000
00456nam a2200145Ia 4500
008
151213s9999 xx 000 0 und d
100
_a
জারাশব্দ
245
_a
ছায়াতীর।
_c
জারাশব্দ
260
_a
লাহোর।
_b
ইফনিক পাবলিকেশন্স।
_c
1969
300
_a
8458 p.
650
_a
Bangla
650
_a
Bengali Literature
700
_a
জারাশব্দ
999
_c
4296
_d
4296